Famous Brits Quiz Stats

 Plays Quiz Updated Feb 15, 2019

     
Support Sporcle.
Go Orange.
Score 0/24 Timer 04:00
1 Play Today
Name % Correct
Daniel Radcliffe
93.3%
Amy Winehouse
88.9%
Sir Elton Hercules John
88.2%
Daniel Craig
88%
Orlando Bloom
78.6%
Stephen Hawking
75.4%
Jude Law
71.5%
Hugh Laurie
71.5%
Seal
71%
Russell Brand
69.8%
Helena Bonham Carter
68.9%
Dame Helen Mirren
67%
Name % Correct
Sir Anthony Hopkins
66.2%
Keira Knightley
64%
Rob Pattinson
62.9%
Christian Bale
61.2%
Twiggy
61.1%
Sir Ian McKellen
56.5%
Stephen Fry
55.2%
Kate Moss
53.1%
Chris Martin
50.4%
Naomi Campbell
48%
Lewis Hamilton
44.2%
Jeremy Clarkson
43.2%

From the Vault

Find the Real Languages

by Anne13

"If you talk to a man in a language he understands, that goes to his head. If you talk to him in his own language, that goes to his heart." -‒ Nelson Mandela
Remove Ads.
Support Sporcle.
Get the best of Sporcle when you Go Orange. This ad-free experience offers more features, more stats, and more fun while also helping to support Sporcle. Thank you for becoming a member.

Show Comments

Extras

Top Quizzes Today


Score Distribution

Your Account Isn't Verified!

In order to create a playlist on Sporcle, you need to verify the email address you used during registration. Go to your Sporcle Settings to finish the process.

Report this User

Report this user for behavior that violates our Community Guidelines.

Details: